000 00287nam a22001217a 4500
008 260506b |||||||| |||| 00| 0 eng d
082 _a001815
100 _aSrinidhi K P
245 _aGita
260 _aBangalore
_bSwami Vivekananda Yoga Prakashana
_c2019
300 _a198p
942 _2ddc
999 _c1448
_d1448